地州盟内人口比所在地级行政区驻地人口密度大的县级行政区 - Statistics

General Stats
  • This quiz has been taken 10 times
  • The average score is 13 of 20
Answer Stats
省级行政区 地级行政区 县级行政区 % Correct
四川省 阿坝藏族羌族自治州 九寨沟县
100%
四川省 甘孜藏族自治州 泸定县
100%
四川省 阿坝藏族羌族自治州 汶川县
90%
四川省 阿坝藏族羌族自治州 茂县
90%
四川省 阿坝藏族羌族自治州 小金县
90%
四川省 阿坝藏族羌族自治州 黑水县
90%
云南省 德宏傣族景颇族自治州 瑞丽市
90%
云南省 迪庆藏族自治州 维西傈僳族自治县
80%
内蒙古自治区 锡林郭勒盟 太仆寺旗
60%
湖北省 恩施土家族苗族自治州 来凤县
60%
青海省 海北藏族自治州 门源回族自治县
60%
四川省 阿坝藏族羌族自治州 金川县
50%
青海省 黄南藏族自治州 尖扎县
50%
内蒙古自治区 锡林郭勒盟 多伦县
40%
甘肃省 甘南藏族自治州 临潭县
40%
青海省 海南藏族自治州 同德县
40%
青海省 海南藏族自治州 贵德县
40%
青海省 海南藏族自治州 贵南县
30%
青海省 果洛藏族自治州 班玛县
30%
青海省 果洛藏族自治州 甘德县
30%
No matching quizzes found
Score Distribution
Percent of People with Each Score
Percentile by Number Answered
Your Score History
You have not taken this quiz